Black Beauty: (Record no. 196843)

MARC details
000 -LEADER
fixed length control field 00556nam a22001817a 4500
005 - DATE AND TIME OF LATEST TRANSACTION
control field 20231228125450.0
010 ## - LCCN (DPL NO)
LC control number ENG-137430
020 ## - INTERNATIONAL STANDARD BOOK NUMBER
International Standard Book Number 9789382382614
Terms of availability 119.50
035 ## - SYSTEM CONTROL NUMBER
System control number EN-120962
037 ## - SOURCE OF ACQUISITION
Source of stock number/acquisition DBAD/PUB
082 ## - DEWEY DECIMAL CLASSIFICATION NUMBER
Classification number S
100 ## - MAIN ENTRY--PERSONAL NAME
Personal name Sewell, Anna
245 ## - TITLE STATEMENT
Title Black Beauty:
Remainder of title Complete And Unabridged/
Statement of responsibility, etc By Anna Sewell
260 ## - PUBLICATION, DISTRIBUTION, ETC. (IMPRINT)
Place of publication, distribution, etc New Delhi
Name of publisher, distributor, etc Sparrow Books
Date of publication, distribution, etc 2015
270 ## - ADDRESS
Address c-58, N.D.S.E. Part-1
City New Delhi
Postal code 110049
Telephone number 011-23362985, 011-23369685
Electronic mail address Sparrowbooks123@gmail.com
300 ## - PHYSICAL DESCRIPTION
Extent 181pg.
Dimensions 20cm(pb)
942 ## - ADDED ENTRY ELEMENTS (KOHA)
Source of classification or shelving scheme Dewey Decimal Classification
Item type Hindi Books
Classification part S
Call number suffix SEW
Holdings
Withdrawn status Lost status Not for loan Collection code Home library Current library Date acquired Source of acquisition Cost, normal purchase price Full call number Barcode Copy number Cost, replacement price Koha item type
      Fiction Ashok Vihar Ashok Vihar 01/08/2023 DBAB/PUB 119.50 S SEW EN-120962 1 119.50 English Books

© Delhi Public Library
Hit Counter
free hit counter